| 000 | 00566nam a2200193Ia 4500 | ||
|---|---|---|---|
| 005 | 20250508162107.0 | ||
| 008 | 008 250505s9999 xx 000 0 eng d | ||
| 037 | _aTextual | ||
| 040 |
_aFEDL _beng _cFEDL |
||
| 041 |
_aeng _2eng |
||
| 084 |
_a155.4, BAR _qFEDL |
||
| 100 |
_aBaruch Dorothy Walter _910633 |
||
| 245 | 0 | _aNew ways in discipline: You and your child today | |
| 260 |
_aNew York, USA _bMcGraw Hill Book Company _c1949 |
||
| 300 | _axiv,280p | ||
| 650 | _aChild psychology | ||
| 942 |
_cTEXL _h155.4, BAR |
||
| 999 |
_c1374343 _d1374343 |
||